| 000 | 00391nam a22001457a 4500 | ||
|---|---|---|---|
| 005 | 2010092506446.0 | ||
| 008 | 100925t xxu||||| |||| 00| 0 eng d | ||
| 020 | _a81-8408-089-1 | ||
| 035 | _aB-263176 | ||
| 082 | _aN-DIC | ||
| 100 |
_aDickens, Charles _921546 |
||
| 245 |
_aDavid copperfield / _cby Clarles Dickens |
||
| 300 |
_ax; 238p. _b21cm. (Hb) _cillu. |
||
| 942 |
_2ddc _cEN _hN-DIC |
||
| 999 |
_c47733 _d47733 |
||